000
00290nam a2200121Ia 4500
008
220217s9999||||xx |||||||||||||| ||und||
082
_a
070 ROB
100
_a
Robinson
_9
4474
245
0
_a
Gems of world knowledge
260
_a
edu-max
_b
2005
300
_b
399
650
_a
GENERAL BOOKS
999
_c
174124
_d
174124